00990nam a2200253Ia 4500001000900000003000500009005001700014008004100031010001100072020002200083040000900105082002000114245013800134260017000272300001100442440005500453504002800508650003900536650002800575650003200603650002400635700003900659700003800698dia_5291CHAP20251023163715.0220117s2008 xx 000 0 und d a176201 a978-970-31-1025-4 cCHAP a576.15 B33 2008 aDe las bacterias al clima : un enfoque ecológico /c Alfonso Esquivel Herrera...[et al.] ; compilación Martha Signoret Poillón aMéxico :b Universidad Autónoma Metropolitana, Unidad Xochimilco, División de Ciencias Biológicas y de la Salud, Departamento El Hombre y su Ambiente,c2008 a236 p. aContribuciones científicas. Académicos CBS ; 5 aIncluye bibliografías aCambio global del medio ambiente  aEcología microbiana  aGlobal environmental change aMicrobial ecology  aEsquivel Herrera, Alfonso, coaut.  aSignoret Poillón, Martha, comp.